Statistiques concernant Pays produisant le plus de tabac

Cliquez ici pour prendre le quiz!

Statistiques générales

  • Ce quiz a été pris 193 fois
  • Le résultat moyen est 9 sur 20

Statistiques - réponses

1000 tonnespays% Correct
2806Chine
93%
285Etats-Unis
92%
676Brésil
90%
761Inde
83%
94Argentine
76%
196Indonésie
66%
116Pakistan
61%
61Thaïlande
60%
70Turquie
48%
88Bangladesh
43%
48Italie
41%
67Laos
40%
56Philippines
40%
102Tanzanie
17%
83Corée du Nord
16%
93Mozambique
16%
172Zimbabwe
13%
31Ouganda
12%
125Zambie
9%
85Malawi
7%

Distribution des résultats

Percentile par nombre de réponses

% des personnes avec chaque résultat

Votre développement - résultats

Vous n’avez pas pris ce quiz